Państwa Ameryki Południowej według dwóch pierwszych liter - Statystyki

Ogólne statystyki
  • Ten quiz został rozwiązany 1 275 razy
  • Średni wynik to 10 z 12
Odpowiedzi na mapie
Odpowiedzi zakodowano w zielono-czerwonej skali na mapie do tego quizu, zgodnie z poniższymi procentami.
 
Statystyki odpowiedzi
Kraj % Poprawnych
Brazylia
98%
Argentyna
93%
Chile
87%
Kolumbia
86%
Peru
85%
Wenezuela
85%
Urugwaj
82%
Boliwia
81%
Paragwaj
80%
Ekwador
75%
Gujana
70%
Surinam
70%
Nie znaleziono quizów pasujących do podanych kryteriów
Rozkład punktacji
Procent ludzi z każdym wynikiem
Percentyl według liczby udzielonych odpowiedzi
Twoja historia wyników
Nie rozwiązałeś tego quizu